00984nac a22002651u 4500010001600000020001500016035002100031082001500052090001500067100003400082245008500116260007400201300003500275500002900310504005100339511002600390650002100416650002100437700001800458700001900476856007300495942001700568999001500585952011800600 a 99042716 a0632047828 a(DLC) 9904271600a667.3bCHR c7109d7109 aChristie, R. M. 14aThe chemistry of colour application /cR.M. Christie, R.R. Mather, R.H. Wardman. aOsney, Mead, Oxford ;aMalden, Mass. :bBlackwell Science,2000c2000. aviii, 288 p. :bill. ;c26 cm. adistributed by: al-Ahram aIncludes bibliographical references and index. acatalogued by: wessam 0aDyes and dyeing. 0aColoring matter.1 aMather, R. R.1 aWardman, R. H.413Table of contentsuhttp://www.loc.gov/catdir/toc/fy033/99042716.html cBBk667.3CHR c7109d7109 00104070aMAINbMAINc1STd2008-01-03ePurchasel4m4o667.3CHRp000008264r2025-07-15 00:00:00s2020-02-16yBB